00550cam a2200181 a 450000100100000000500170001000800410002704000250006808200190009310000350011224500440014726000330019130000210022449000430024549000260028865000260031465000280034000000988320200929161739.0980423s1997 gt 001 p spa  aDO-SdBNPbspacBNPHU aG861.44aM538b1 aMéndez Vides, Adolfo,d1956-10aBabel o las batallas /cMéndez Vides. aGuatemala :bCultura,c1997. a161 p. ;c22 cm.1 aPoesía Guatemalteca Siglo XXvno. 141 aRafaek Kandívarv14 4aPoesía guatemalteca 4aLiteratura guatemalteca